000 00576nam a2200205 i 4500
001 96854
003 ES-MaACL
005 20250824063039.0
007 t|
008 050701s1957 sp ||||1| spa d
100 1 _aManfredi Cano, Domingo,
_d1918-1998
_975997
245 1 0 _aTierra negra /
_cDomingo Manfredi Cano.
250 _a[1ª ed.].
260 _aBarcelona :
_bCaralt,
_c1957.
300 _a281 p. ;
_c20 cm.
490 1 _aLa novela católica
830 0 _aLa novela católica
_9184397
852 _aES-MaACL
_jC-13568
_bR.41450
999 _c96854
_d96854